[Event "COL-ch Blitz"]
[Site "Villavicencio"]
[Date "2021.11.15"]
[Round "6"]
[White "Valderrama Quiceno, Esteban Alberto"]
[Black "Cifuentes, John Jairo"]
[Result "0-1"]
[WhiteElo "2563"]
[BlackElo "2206"]
[PlyCount "80"]
[EventDate "2021.11.15"]
[EventType "swiss (blitz)"]
[EventRounds "13"]
[EventCountry "COL"]
[SourceTitle "CBM 205 Extra"]
[Source "ChessBase"]
[SourceDate "2022.01.31"]
[SourceVersion "1"]
[SourceVersionDate "2022.01.31"]
[SourceQuality "1"]

1. Nf3 Nf6 2. g3 e6 3. Bg2 d5 4. 0-0 Be7 5. d4 0-0 6. Nbd2 b6 7. c4 Bb7 8. Ne5 Nbd7 9. Qa4 Bd6 10. cxd5 exd5 11. Ndf3 Bxe5 12. dxe5 Ne4 13. Rd1 Qe7 14. Bf4 Rfe8 15. h4 h6 16. Rac1 Ndc5 17. Qc2 Rac8 18. Nd4 Ne6 19. Nf5 Qf8 20. Be3 N6c5 21. f3 Rxe5 22. fxe4 Nxe4 23. Rf1 Nxg3 24. Nxg3 Rxe3 25. Nf5 Re5 26. Qd2 c5 27. Qf4 Rce8 28. Ng3 R5e6 29. h5 Re5 30. Rf2 Rg5 31. Rcf1 f6 32. Kh2 Qe7 33. Bf3 d4 34. Nf5 Qd7 35. Bxb7 Qxb7 36. Nd6 Rxh5+ 37. Kg3 Qd7 38. Nf5 Re5 39. e4 dxe3 40. Nxe3 Rhg5+ 0-1

[Event "COL-ch Rapid"]
[Site "Villavicencio"]
[Date "2021.11.14"]
[Round "6"]
[White "Otalora Pacheco, Carlos Eduardo"]
[Black "Cifuentes, John Jairo"]
[Result "1/2-1/2"]
[WhiteElo "2230"]
[BlackElo "2170"]
[PlyCount "117"]
[EventDate "2021.11.13"]
[EventType "swiss (rapid)"]
[EventRounds "9"]
[EventCountry "COL"]
[SourceTitle "CBM 205 Extra"]
[Source "ChessBase"]
[SourceDate "2022.01.31"]
[SourceVersion "1"]
[SourceVersionDate "2022.01.31"]
[SourceQuality "1"]

1. d4 d5 2. c4 e6 3. Nf3 Be7 4. g3 Nf6 5. Bg2 0-0 6. 0-0 dxc4 7. Qc2 a6 8. Qxc4 b5 9. Qc2 Bb7 10. Bd2 Be4 11. Qc1 Bd6 12. Bf4 Nbd7 13. Nbd2 Bb7 14. Nb3 Bxf4 15. gxf4 Nd5 16. e3 a5 17. Nc5 Nxc5 18. Qxc5 b4 19. Ne5 Ra6 20. Rac1 f6 21. Nd3 Qa8 22. Qc2 Rd6 23. Qd2 Rfd8 24. Rc5 Nb6 25. Bxb7 Qxb7 26. f3 Rd5 27. Qe2 Na4 28. Rc2 c5 29. Nxc5 Nxc5 30. dxc5 Qc6 31. Rfc1 a4 32. Qc4 Rd3 33. Kf2 b3 34. axb3 axb3 35. Re2 Kf8 36. Rc3 Rxc3 37. Qxc3 Rd5 38. Qxb3 Qxc5 39. Rc2 Qd6 40. Qc3 Qd8 41. b4 Rh5 42. Qc8 Qxc8 43. Rxc8+ Kf7 44. Kg3 Rb5 45. Rc4 Ke8 46. Rc7 Kf8 47. Rc4 Ke8 48. h4 Kd7 49. e4 Kd6 50. Kg4 h5+ 51. Kg3 g6 52. Kf2 g5 53. fxg5 fxg5 54. Kg3 Ke7 55. hxg5 Rxg5+ 56. Kh4 Rb5 57. Rc5 Rxb4 58. Rxh5 Kd6 59. Kg4 1/2-1/2

[Event "COL-ch sf"]
[Site "Santa Rosa"]
[Date "2021.08.14"]
[Round "7"]
[White "Barrientos Chavarriaga, Sergio E"]
[Black "Cifuentes, John Jairo"]
[Result "1-0"]
[WhiteElo "2490"]
[BlackElo "2121"]
[PlyCount "145"]
[EventDate "2021.08.11"]
[EventType "swiss"]
[EventRounds "11"]
[EventCountry "COL"]
[SourceTitle "CBM 204 Extra"]
[Source "ChessBase"]
[SourceDate "2021.11.30"]
[SourceVersion "1"]
[SourceVersionDate "2021.11.30"]
[SourceQuality "1"]

1. d4 d5 2. c4 e6 3. Nf3 Be7 4. g3 Nf6 5. Bg2 0-0 6. 0-0 dxc4 7. Qc2 a6 8. a4 Bd7 9. Qxc4 Bc6 10. Bf4 Bd6 11. Bg5 Nbd7 12. Nc3 h6 13. Bxf6 Nxf6 14. Qd3 Bb4 15. Rfd1 Qe8 16. Qc4 Qe7 17. a5 Rac8 18. e3 Rfd8 19. Qb3 b5 20. axb6 cxb6 21. Ne5 Bxg2 22. Kxg2 Bxc3 23. bxc3 Qb7+ 24. f3 Rc7 25. c4 Nd7 26. Nd3 Rdc8 27. Rdc1 e5 28. Nb4 exd4 29. exd4 Nf6 30. Rxa6 Re7 31. Qa2 Rce8 32. Rc2 Ng4 33. Nd5 Ne3+ 34. Nxe3 Rxe3 35. d5 Qc7 36. Ra8 Qc5 37. Rxe8+ Rxe8 38. Re2 Rc8 39. Qa6 Kh7 40. Rd2 Qxc4 41. Qxb6 Re8 42. Qb1+ g6 43. Qd1 h5 44. h4 Rd8 45. d6 Rd7 46. Rd4 Qa2+ 47. Kh3 Qe6+ 48. Kh2 Qe3 49. Kg2 Qe6 50. Qd2 Kg7 51. Rd5 Kh7 52. Qd3 Kg7 53. Kf2 Qh3 54. Qc3+ Kh7 55. Qc6 Qe6 56. Rd2 Qh3 57. Qc8 Qe6 58. Qc5 Kg7 59. f4 Qh3 60. Rd1 Qh2+ 61. Kf3 Qh3 62. Re1 Kh7 63. Qd4 Rb7 64. Qc3 Rd7 65. Qb3 Kg7 66. Qb2+ Kh7 67. Qb3 Qf5 68. Re7 Qg4+ 69. Kf2 Qf5 70. Qc4 Kg7 71. Qc3+ Kh7 72. Re8 f6 73. Re1 1-0

[Event "COL-ch sf"]
[Site "Santa Rosa"]
[Date "2021.08.13"]
[Round "4"]
[White "Cifuentes, John Jairo"]
[Black "Echavarria, Johann"]
[Result "0-1"]
[WhiteElo "2121"]
[BlackElo "2283"]
[PlyCount "100"]
[EventDate "2021.08.11"]
[EventType "swiss"]
[EventRounds "11"]
[EventCountry "COL"]
[SourceTitle "CBM 204 Extra"]
[Source "ChessBase"]
[SourceDate "2021.11.30"]
[SourceVersion "1"]
[SourceVersionDate "2021.11.30"]
[SourceQuality "1"]

1. Nf3 d5 2. g3 c5 3. Bg2 Nc6 4. 0-0 e5 5. d3 f6 6. c4 d4 7. a3 a5 8. b3 Bg4 9. Re1 Qd7 10. Nbd2 Nh6 11. Ne4 Nf7 12. e3 Be7 13. exd4 cxd4 14. Qc2 0-0 15. h4 Rfc8 16. Nh2 Bh3 17. Bh1 Rab8 18. Bd2 b5 19. Rec1 Be6 20. Qd1 h6 21. Be1 Nfd8 22. Bg2 Qe8 23. Nf1 Qf8 24. a4 bxc4 25. bxc4 Nb4 26. Qe2 Bd7 27. Ned2 Bc6 28. Bh3 Rc7 29. Nb3 Ra7 30. c5 Qf7 31. Rab1 Qd5 32. f3 Qxf3 33. Qxf3 Bxf3 34. Nxa5 Rxa5 35. Rxb4 Rxb4 36. Bxb4 Rxa4 37. c6 Nxc6 38. Bxe7 Nxe7 39. Rc7 Kf7 40. Nd2 Bd5 41. h5 Ra2 42. Ne4 Bxe4 43. dxe4 d3 44. Rd7 d2 45. Bg4 Ra4 46. Bf3 Rd4 47. Rxd4 exd4 48. Kf2 Nc6 49. Bd1 Ke6 50. Ke2 Ke5 0-1

[Event "Sopo Region-ch"]
[Site "Sopo"]
[Date "2021.07.25"]
[Round "5"]
[White "Cifuentes, John Jairo"]
[Black "Lopez Ramirez, David Santiago"]
[Result "1-0"]
[WhiteElo "2128"]
[BlackElo "2050"]
[PlyCount "63"]
[EventDate "2021.07.24"]
[EventType "swiss"]
[EventRounds "5"]
[EventCountry "COL"]
[SourceTitle "EXT 2022"]
[Source "ChessBase"]
[SourceDate "2021.10.06"]
[SourceVersion "1"]
[SourceVersionDate "2021.10.06"]
[SourceQuality "1"]

1. e4 d5 2. e5 c5 3. Nf3 Bg4 4. h3 Bxf3 5. Qxf3 a6 6. c4 Nc6 7. cxd5 Nxe5 8. Qe4 Qd6 9. d4 cxd4 10. Qxd4 Nf6 11. Nc3 Nc6 12. Qd1 Qe5+ 13. Be3 Rd8 14. Bc4 e6 15. 0-0 exd5 16. Bb6 Rd7 17. Re1 Ne4 18. Bxd5 f5 19. Nxe4 fxe4 20. Bxe4 Rxd1 21. Raxd1 Kf7 22. Bd5+ Kf6 23. Rxe5 Kxe5 24. Bxc6 bxc6 25. Rd8 Ke6 26. Bc5 Kf7 27. Kf1 Rg8 28. Rxf8+ Rxf8 29. Bxf8 Kxf8 30. Ke2 Ke7 31. Kd3 Kd6 32. Kc4 1-0

[Event "COL-chT 21st"]
[Site "Cartagena"]
[Date "2019.11.30"]
[Round "9.2"]
[White "Cifuentes, John Jairo"]
[Black "Sepulveda, Julio Orlando"]
[Result "1-0"]
[WhiteElo "2161"]
[BlackElo "2047"]
[PlyCount "103"]
[EventDate "2019.11.30"]
[EventType "team-swiss"]
[EventRounds "9"]
[EventCountry "COL"]
[SourceTitle "CBM 195 Extra"]
[Source "ChessBase"]
[SourceDate "2020.05.31"]
[SourceVersion "1"]
[SourceVersionDate "2020.05.31"]
[SourceQuality "1"]
[WhiteTeam "Cudinamarca"]
[BlackTeam "Norte de Santander"]
[WhiteTeamCountry "COL"]
[BlackTeamCountry "COL"]

1. e4 c5 2. Nf3 d6 3. d4 cxd4 4. Nxd4 Nf6 5. Nc3 a6 6. Bg5 e6 7. f4 h6 8. Bh4 Qb6 9. a3 Be7 10. Bf2 Qc7 11. Qf3 Nbd7 12. 0-0-0 b5 13. g4 g5 14. h4 gxf4 15. g5 Ne5 16. Qg2 Nfg4 17. Be2 h5 18. Bg1 Bd7 19. Nf3 Rc8 20. Bd4 Rg8 21. Kb1 Nc4 22. Bxc4 Qxc4 23. Rhf1 e5 24. Bg1 Be6 25. Nd2 Qc6 26. Nb3 Qb7 27. Nd5 Bxd5 28. exd5 b4 29. a4 Qd7 30. a5 Qb5 31. Qe4 Rg6 32. Bb6 Qc4 33. Qg2 Qb5 34. Rfe1 Rc4 35. Qe2 Bd8 36. Bg1 Rc8 37. Qe4 Qc4 38. Rd4 Qc7 39. Rxb4 Qd7 40. Qxf4 Kf8 41. Qf3 Kg7 42. Rbe4 Qb5 43. Rxg4 hxg4 44. Qxg4 Qc4 45. Qf5 f6 46. Qd7+ Kh8 47. Rc1 fxg5 48. Qe8+ Kh7 49. Qf7+ Rg7 50. Qf5+ Kg8 51. h5 Qf4 52. Qd3 1-0

[Event "COL-chT 21st"]
[Site "Cartagena"]
[Date "2019.11.30"]
[Round "3.2"]
[White "Pai, Juan David"]
[Black "Cifuentes, John Jairo"]
[Result "0-1"]
[WhiteElo "1974"]
[BlackElo "2161"]
[PlyCount "81"]
[EventDate "2019.11.30"]
[EventType "team-swiss"]
[EventRounds "9"]
[EventCountry "COL"]
[SourceTitle "CBM 195 Extra"]
[Source "ChessBase"]
[SourceDate "2020.05.31"]
[SourceVersion "1"]
[SourceVersionDate "2020.05.31"]
[SourceQuality "1"]
[WhiteTeam "Narino"]
[BlackTeam "Cudinamarca"]
[WhiteTeamCountry "COL"]
[BlackTeamCountry "COL"]

1. d4 d5 2. Nf3 e6 3. c4 c6 4. Nc3 Nf6 5. cxd5 exd5 6. Bf4 Bf5 7. e3 Nbd7 8. Bd3 Bxd3 9. Qxd3 Be7 10. 0-0 0-0 11. Rac1 a6 12. Rfd1 Rc8 13. h3 b5 14. a4 Nb6 15. Ne5 Nc4 16. Rc2 Nd7 17. axb5 Ndxe5 18. dxe5 axb5 19. e4 b4 20. exd5 bxc3 21. Qxc4 cxd5 22. Qxd5 Qb6 23. Rxc3 Rcd8 24. Qf3 Qxb2 25. Rcd3 Rxd3 26. Qxd3 h6 27. Qd4 Qb3 28. Rd3 Qb1+ 29. Rd1 Qf5 30. Ra1 Rd8 31. Qe3 Rd3 32. Qe2 Rd8 33. Bg3 h5 34. h4 Rd4 35. Ra8+ Kh7 36. Qe3 Re4 37. Qf3 Qxf3 38. gxf3 Re1+ 39. Kg2 Kg6 40. Ra7 Bc5 41. f4 0-1

[Event "COL-chT rapid"]
[Site "Cartagena"]
[Date "2019.11.29"]
[Round "4.3"]
[White "Jimenez, Jose Mauricio"]
[Black "Cifuentes, John Jairo"]
[Result "1-0"]
[WhiteElo "2227"]
[BlackElo "2238"]
[PlyCount "113"]
[EventDate "2019.11.29"]
[EventType "team-swiss"]
[EventRounds "7"]
[EventCountry "COL"]
[SourceTitle "CBM 193 Extra"]
[Source "ChessBase"]
[SourceDate "2020.01.31"]
[SourceVersion "1"]
[SourceVersionDate "2020.01.31"]
[SourceQuality "1"]
[WhiteTeam "Caldas"]
[BlackTeam "Cundinamarca"]
[WhiteTeamCountry "COL"]
[BlackTeamCountry "COL"]

1. d4 d5 2. c4 e6 3. Nc3 Be7 4. Nf3 Nf6 5. cxd5 exd5 6. Bf4 Bf5 7. e3 0-0 8. Bd3 Bxd3 9. Qxd3 c6 10. h3 Nbd7 11. 0-0 h6 12. Rab1 a6 13. Nd2 Rc8 14. Rfd1 b5 15. Rbc1 Nb6 16. b3 Ba3 17. Rc2 Qe7 18. Ne2 Ne4 19. Nf3 f6 20. Bh2 Rfe8 21. Nc3 Nxc3 22. Rxc3 Qe4 23. Qe2 g5 24. Ne1 c5 25. dxc5 d4 26. Rcd3 Bxc5 27. b4 Bxb4 28. Rxd4 Qe7 29. Nd3 Bc3 30. Rd6 Nc4 31. Rxa6 Qb7 32. Qc2 Nxe3 33. fxe3 Qxa6 34. Nc5 Rxc5 35. Qg6+ Kf8 36. Bd6+ Qxd6 37. Rxd6 Rc7 38. Qxh6+ Ke7 39. Rd3 Be5 40. Qh7+ Ke6 41. Qe4 Rec8 42. Qd5+ Kf5 43. Kf2 Rc2+ 44. Rd2 R2c5 45. Qd7+ Kg6 46. Kf3 R8c7 47. Qe8+ Kh6 48. Rd8 Rc1 49. Qh8+ Rh7 50. Qf8+ Kg6 51. Qg8+ Kh6 52. Qd5 Rf1+ 53. Ke2 Ra1 54. Rg8 Rc7 55. Qe4 Rxa2+ 56. Kf3 f5 57. Qxe5 1-0